|
|
|
|
| LEADER |
00000nam2a2200000 4500 |
| 001 |
351152 |
| 005 |
20231102010356.0 |
| 035 |
|
|
|a (RuTPU)RU\TPU\retro\5766
|
| 035 |
|
|
|a RU\TPU\retro\5763
|
| 090 |
|
|
|a 351152
|
| 100 |
|
|
|a 20190412d1948 k y0rusy50 ca
|
| 101 |
0 |
|
|a rus
|
| 102 |
|
|
|a RU
|
| 105 |
|
|
|a a z 001zy
|
| 200 |
0 |
|
|a Т. 28 : Материалы по изучению генезиса почв
|f под ред. Л. И. Прасолова
|
| 210 |
|
|
|d 1948
|
| 215 |
|
|
|a 247 с.
|c ил.
|
| 320 |
|
|
|a Библиогр. в конце ст.
|
| 461 |
|
1 |
|0 (RuTPU)RU\TPU\retro\5702
|t Труды Почвенного института имени В. В. Докучаева
|o [журнал]
|f Академия наук СССР (АН СССР), Почвенный институт им. В. В. Докучаева
|v Т. 28 : Материалы по изучению генезиса почв
|d 1926-
|
| 606 |
1 |
|
|a Почвоведение
|2 stltpush
|3 (RuTPU)RU\TPU\subj\71851
|9 85566
|
| 610 |
1 |
|
|a исследования
|
| 610 |
1 |
|
|a почвы
|
| 610 |
1 |
|
|a анализ
|
| 610 |
1 |
|
|a минералогия
|
| 610 |
1 |
|
|a ледниковые отложения
|
| 610 |
1 |
|
|a почвообразование
|
| 610 |
1 |
|
|a Европейская часть
|
| 610 |
1 |
|
|a Средний Урал
|
| 610 |
1 |
|
|a Таджикистан
|
| 610 |
1 |
|
|a бурые лесные почвы
|
| 610 |
1 |
|
|a генезис
|
| 675 |
|
|
|a 631.4
|v 4
|
| 702 |
|
1 |
|a Прасолов
|b Л. И.
|4 340
|
| 801 |
|
1 |
|a RU
|b 63413507
|c 20190408
|
| 801 |
|
2 |
|a RU
|b 63413507
|c 20190412
|g RCR
|
| 942 |
|
|
|c BK
|